Statistics for China Airlines Destinations

Click here to take the quiz!

General Stats

  • This quiz has been taken 102 times
  • The average score is 33 of 86

Answer Stats

Answer% Correct
Beijing
86%
Hong Kong
81%
Los Angeles
80%
Delhi
75%
Singapore
75%
Jakarta
74%
Osaka
74%
New York City
74%
Bangkok
73%
Sydney
70%
San Francisco
70%
Kuala Lumpur
69%
Guangzhou
68%
Hanoi
66%
Chengdu
61%
Tokyo-Haneda
61%
Ho Chi Minh City
61%
Tokyo-Narita
60%
Melbourne
60%
Manila
60%
Vancouver
60%
Auckland
56%
Brisbane
56%
Sapporo
56%
Xi'an
56%
Nagoya
54%
Xiamen
53%
Shenzhen
51%
Nanjing
51%
Chongqing
50%
Wuhan
48%
Shanghai-Pudong
46%
Denpasar
46%
Seoul-Incheon
45%
Frankfurt
45%
Fukuoka
45%
Amsterdam
44%
Busan
44%
Shenyang
43%
Rome
43%
Hangzhou
41%
Naha
41%
Honolulu
39%
Surabaya
39%
Kaohsiung
39%
Qingdao
36%
Seoul-Gimpo
36%
Cebu
35%
Yangon
35%
Hiroshima
35%
Shanghai-Hongqiao
34%
Phnom Penh
34%
Taichung
34%
Changsha
31%
Fuzhou
31%
Zhengzhou
31%
Dalian
30%
Urumqi
28%
Taipei-Taoyuan
28%
Vienna
28%
Penang
26%
Tainan
24%
Taipei-Songshan
21%
Wuxi
20%
Guam
20%
Christchurch
20%
Haikou
20%
Changchun
19%
Sanya
16%
Kagoshima
13%
Wenzhou
11%
Hefei
10%
Athens
10%
Nanchang
9%
Changzhou
8%
Ningbo
8%
Koror
6%
Shizuoka
4%
Miyazaki
3%
Yangzhou
3%
Toyama
1%
Weihai
0%
Xuzhou
0%
Yancheng
0%
Yangtai
0%
Takamatsu
0%

Score Distribution

Percentile by Number Answered

Percent of People with Each Score

Your Score History

You have not taken this quiz